000 00666cam a22001931a 4500
041 1 _aeng
082 _a270.1
_bDUC
100 1 _aDuchesne, L.
245 0 0 _aEarly history of the Christian church :
260 _aLondon :
_bJ. Murray,
_c1909-1924.
300 _a3 v. ;
500 _aTranslation of Histoire ancienne de l'église.
500 _aTitle varies slightly: vol. I, Early history of the Christian church ... to the end of the third century.
500 _aVol. I is of the American edition (New York, Longmans, Green & co.)
500 _aVol. III translated by Claude Jenkins.
650 0 _aChurch history
700 1 _aJenkins, Claude,
942 _cBK
999 _c23637
_d23637